000 00892nam a2200289 4500
001 174971
003 ES-MaACL
005 20230906215718.0
008 100830s1982 sp f ||||0| spa d
020 _a84-335-9349-8
080 _a008(4)"18/19"
080 _a27(4)"18/19"
100 1 _aGerbod, Paul.
_9143298
245 1 0 _aEuropa cultural y religiosa
_b: de 1815 a nuestros días /
_cPaul Gerbod ; [traducción, Roser Berdagué].
250 _a1ª ed.
260 _aBarcelona :
_bLabor,
_c1982.
300 _aXVI, 339 p. ;
_c20 cm.
490 1 _aNueva Clío ;
_v39
500 _aÍndice.
504 _aBibliografía: p. 299-319.
651 7 _aEuropa-
_xCivilización.
_98584
651 4 _aEuropa-
_xHistoria eclesiástica.
_9143299
700 1 _aBerdagué, Roser.
_927859
830 0 _aNueva Clío ;
_v39
_9182610
852 _aES-MaACL
_jE-12528
999 _c174971
_d174971